00669nam a2200193 i 4500001000700000003000900007005001700016007000300033008004100036100005000077245008300127250001200210260003400222300002100256700003100277852002200308999001900330952012600349123718ES-MaACL20250716063301.0t|070214s1957 sp |||| | spa d0 aRamón Llull,cBeato,dca. 1232-1316?99521910aPensamientos de Ramón Llull / cselección y notas de Antonio C. Gavaldá. a1ª ed. aBarcelona : bSintes, c1957. a69 p. ; c17 cm.1 aCunillera, Antonio.942180 aES-MaACLjC-18092 c123718d123718 00104070aATENEOMbATENEOMcGaleríad2008-01-17eSCl0oC-18092p1128899r2023-02-23 00:00:00w2023-02-23yMONOGRAFIA